[Event "EYCC Open-U14 2019"]
[Site "Bratislava"]
[Date "2019.08.08"]
[Round "7.26"]
[White "Droin, Augustin"]
[Black "Lopez Varela, Pablo"]
[Result "0-1"]
[WhiteElo "2172"]
[BlackElo "2131"]
[Annotator "NA"]
[PlyCount "126"]
[EventDate "2019.08.02"]
[EventType "swiss"]
[EventCountry "SVK"]
[SourceTitle "playchess.com"]
[Source "ChessBase"]
[SourceQuality "1"]
[TimeControl "40/5400+30:1800+30"]

1. e4 {[%emt 0:00:00]} c5 {[%emt 0:00:00]} 2. Nf3 {[%emt 0:00:00]} e6 {[%emt 0:00:00]} 3. d4 {[%emt 0:00:38]} cxd4 {[%emt 0:00:00]} 4. Nxd4 {[%emt 0:00:04]} Nc6 {[%emt 0:00:00]} 5. Nc3 {[%emt 0:00:30]} Qc7 {[%emt 0:00:00]} 6. Be3 {[%emt 0:00:38]} a6 {[%emt 0:00:00]} 7. a3 {[%emt 0:00:16]} b5 {[%emt 0:00:05]} 8. Nxc6 {[%emt 0:00:25]} Qxc6 {[%emt 0:01:19]} 9. Be2 {[%emt 0:01:29]} Bb7 {[%emt 0:00:09]} 10. Bf3 {[%emt 0:05:16]} Qc7 {[%emt 0:02:35]} 11. Qd2 {[%emt 0:03:01]} Bc6 {[%emt 0:04:52]} 12. O-O-O {[%emt 0:07:09]} a5 {[%emt 0:06:44]} 13. Nd5 {[%emt 0:03:53]} Qb7 {[%emt 0:10:10]} 14. Nb6 {[%emt 0:06:15]} Ra6 {[%emt 0:03:04]} 15. Qd4 {[%emt 0:02:53]} Ne7 {[%emt 0:13:29]} 16. a4 {[%emt 0:09:06]} e5 {[%emt 0:08:33]} 17. Qxe5 {[%emt 0:00:43]} Rxb6 {[%emt 0:00:10]} 18. Bxb6 {[%emt 0:00:50]} Qxb6 {[%emt 0:00:05]} 19. axb5 {[%emt 0:06:47]} Bxb5 {[%emt 0:02:09]} 20. Rd6 {[%emt 0:01:17]} Bc6 {[%emt 0:01:45]} 21. Bg4 {[%emt 0:01:09]} f6 {[%emt 0:06:22]} 22. Qc3 {[%emt 0:09:23]} Qxf2 {[%emt 0:05:31]} 23. g3 {[%emt 0:11:46]} h5 {[%emt 0:04:46]} 24. Bh3 {[%emt 0:00:33]} h4 {[%emt 0:02:09]} 25. Rd2 {[%emt 0:01:15]} Qb6 {[%emt 0:05:59]} 26. Rhd1 {[%emt 0:02:52]} hxg3 {[%emt 0:00:03]} 27. Qxg3 {[%emt 0:00:49]} Rh5 {[%emt 0:03:43]} 28. Bxd7+ {[%emt 0:04:56]} Bxd7 {[%emt 0:00:05]} 29. Rxd7 {[%emt 0:00:06]} Re5 {[%emt 0:02:19]} 30. Qh3 {[%emt 0:02:24]} Kf7 {[%emt 0:01:21]} 31. Rd8 {[%emt 0:01:30]} Ng6 {[%emt 0:05:38]} 32. Qd7+ {[%emt 0:01:43]} Kg8 {[%emt 0:00:04]} 33. Qd3 {[%emt 0:00:34]} Nf4 {[%emt 0:03:38]} 34. Qc4+ {[%emt 0:01:27]} Qe6 {[%emt 0:00:41]} 35. Qc7 {[%emt 0:02:00]} Ng6 {[%emt 0:00:05]} 36. R1d7 {[%emt 0:00:14]} Ne7 {[%emt 0:01:03]} 37. Qb8 {[%emt 0:01:10]} Ng6 {[%emt 0:00:37]} 38. Qc7 {[%emt 0:01:56]} Kh7 {[%emt 0:01:01]} 39. Rd4 {[%emt 0:04:09]} Rxe4 {[%emt 0:00:43]} 40. Rxe4 {[%emt 0:00:00]} Qxe4 {[%emt 0:00:00]} 41. Qxa5 {[%emt 0:01:39]} Qh1+ {[%emt 0:03:18]} 42. Rd1 {[%emt 0:00:06]} Qxh2 {[%emt 0:00:27]} 43. Qd5 {[%emt 0:02:54]} Qf4+ {[%emt 0:06:57]} 44. Kb1 {[%emt 0:00:30]} Nh4 {[%emt 0:00:40]} 45. Qf7 {[%emt 0:12:44]} Qg4 {[%emt 0:12:34]} 46. Rd5 {[%emt 0:00:53]} Ng6 {[%emt 0:00:43]} 47. Rd8 {[%emt 0:07:33]} Bc5 {[%emt 0:01:59]} 48. Qd5 {[%emt 0:00:39]} Be3 {[%emt 0:01:42]} 49. Re8 {[%emt 0:02:19]} Bg5 {[%emt 0:00:46]} 50. Qh1+ {[%emt 0:04:56]} Qh4 {[%emt 0:01:38]} 51. Qd5 {[%emt 0:00:38]} Qf4 {[%emt 0:00:44]} 52. Qh1+ {[%emt 0:00:31]} Nh4 {[%emt 0:00:20]} 53. Re4 {[%emt 0:01:06]} Qg3 {[%emt 0:00:19]} 54. Qd1 {[%emt 0:00:26]} Nf3 {[%emt 0:00:40]} 55. Qh1+ {[%emt 0:00:34]} Kg6 {[%emt 0:00:26]} 56. Ka2 {[%emt 0:01:46]} Qf2 {[%emt 0:00:54]} 57. Ra4 {[%emt 0:00:01]} Qxc2 {[%emt 0:01:11]} 58. Rb4 {[%emt 0:01:04]} Nd2 {[%emt 0:01:40]} 59. Qe1 {[%emt 0:01:15]} Qc6 {[%emt 0:00:56]} 60. Qd1 {[%emt 0:00:46]} Qd5+ {[%emt 0:01:12]} 61. b3 {[%emt 0:00:29]} f5 {[%emt 0:01:58]} 62. Qe2 {[%emt 0:01:28]} Ne4 {[%emt 0:00:26]} 63. Rb6+ {[%emt 0:00:08]} Bf6 {[%emt 0:00:17]} 0-1

[Event "EYCC Open-U14 2019"]
[Site "Bratislava"]
[Date "2019.08.08"]
[Round "7.27"]
[White "Neumann, Filip"]
[Black "Pozzari, Simone"]
[Result "1-0"]
[WhiteElo "1982"]
[BlackElo "2179"]
[Annotator "NA"]
[PlyCount "137"]
[EventDate "2019.08.02"]
[EventType "swiss"]
[EventCountry "SVK"]
[SourceTitle "playchess.com"]
[Source "ChessBase"]
[SourceQuality "1"]
[TimeControl "40/5400+30:1800+30"]

1. e4 {[%emt 0:00:00]} Nf6 {[%emt 0:00:00]} 2. e5 {[%emt 0:01:48]} Nd5 {[%emt 0:00:00]} 3. d4 {[%emt 0:03:22]} d6 {[%emt 0:00:00]} 4. exd6 {[%emt 0:00:32]} exd6 {[%emt 0:00:03]} 5. Bd3 {[%emt 0:01:25]} Be7 {[%emt 0:00:13]} 6. c3 {[%emt 0:00:56]} c6 {[%emt 0:02:44]} 7. Ne2 {[%emt 0:00:59]} O-O {[%emt 0:00:20]} 8. Ng3 {[%emt 0:01:02]} f5 {[%emt 0:12:06]} 9. Qc2 {[%emt 0:12:39]} g6 {[%emt 0:03:58]} 10. Bh6 {[%emt 0:04:02]} Re8 {[%emt 0:00:24]} 11. O-O {[%emt 0:01:25]} Bg5 {[%emt 0:01:42]} 12. Bxg5 {[%emt 0:02:27]} Qxg5 {[%emt 0:00:03]} 13. Nd2 {[%emt 0:01:23]} Nf4 {[%emt 0:12:57]} 14. Rfe1 {[%emt 0:07:22]} Be6 {[%emt 0:00:36]} 15. Bc4 {[%emt 0:04:54]} d5 {[%emt 0:01:48]} 16. Bf1 {[%emt 0:00:24]} Nd7 {[%emt 0:01:25]} 17. Nf3 {[%emt 0:00:40]} Qh6 {[%emt 0:02:23]} 18. Qd2 {[%emt 0:10:26]} Nf6 {[%emt 0:01:36]} 19. Ne2 {[%emt 0:02:02]} Nxe2+ {[%emt 0:02:12]} 20. Rxe2 {[%emt 0:00:52]} f4 {[%emt 0:01:35]} 21. Ne5 {[%emt 0:06:13]} Ne4 {[%emt 0:05:17]} 22. Qe1 {[%emt 0:03:14]} g5 {[%emt 0:09:51]} 23. Nd3 {[%emt 0:06:15]} g4 {[%emt 0:05:56]} 24. Qc1 {[%emt 0:07:50]} Rf8 {[%emt 0:00:10]} 25. g3 {[%emt 0:01:14]} Ng5 {[%emt 0:00:28]} 26. Bg2 {[%emt 0:00:11]} Bf5 {[%emt 0:18:05]} 27. Nxf4 {[%emt 0:02:34]} Be4 {[%emt 0:00:02]} 28. Ne6 {[%emt 0:02:04]} Rf5 {[%emt 0:15:26]} 29. Nxg5 {[%emt 0:01:17]} Bxg2 {[%emt 0:00:42]} 30. Kxg2 {[%emt 0:00:35]} Rxg5 {[%emt 0:00:14]} 31. Kg1 {[%emt 0:01:47]} Qh5 {[%emt 0:02:14]} 32. Qe3 {[%emt 0:01:55]} Rg6 {[%emt 0:00:31]} 33. Rae1 {[%emt 0:10:12]} Rf8 {[%emt 0:00:40]} 34. Qe7 {[%emt 0:00:39]} Rh6 {[%emt 0:00:21]} 35. Qh4 {[%emt 0:00:35]} Qg6 {[%emt 0:00:46]} 36. Re6 {[%emt 0:00:56]} Qxe6 {[%emt 0:00:18]} 37. Rxe6 {[%emt 0:00:07]} Rxe6 {[%emt 0:00:01]} 38. Qxg4+ {[%emt 0:00:08]} Rg6 {[%emt 0:00:01]} 39. Qd7 {[%emt 0:00:41]} Rf7 {[%emt 0:00:02]} 40. Qe8+ {[%emt 0:00:00]} Rf8 {[%emt 0:00:00]} 41. Qe7 {[%emt 0:01:50]} Rf7 {[%emt 0:10:48]} 42. Qe5 {[%emt 0:00:39]} a6 {[%emt 0:01:08]} 43. f4 {[%emt 0:00:43]} Rgf6 {[%emt 0:00:52]} 44. Kg2 {[%emt 0:00:27]} Rf5 {[%emt 0:01:41]} 45. Qe6 {[%emt 0:01:15]} R5f6 {[%emt 0:02:56]} 46. Qc8+ {[%emt 0:00:15]} Kg7 {[%emt 0:00:01]} 47. Qe8 {[%emt 0:00:11]} Rf8 {[%emt 0:01:33]} 48. Qe5 {[%emt 0:00:07]} Kg6 {[%emt 0:00:42]} 49. Kf3 {[%emt 0:00:42]} Rf5 {[%emt 0:02:01]} 50. Qe7 {[%emt 0:00:10]} R8f7 {[%emt 0:00:06]} 51. Qe8 {[%emt 0:00:07]} Kg7 {[%emt 0:00:38]} 52. Qe6 {[%emt 0:02:44]} h5 {[%emt 0:01:52]} 53. Qd6 {[%emt 0:01:07]} R7f6 {[%emt 0:04:08]} 54. Qb8 {[%emt 0:00:26]} Rf7 {[%emt 0:04:23]} 55. h3 {[%emt 0:00:43]} Re7 {[%emt 0:01:02]} 56. g4 {[%emt 0:00:16]} Rff7 {[%emt 0:00:35]} 57. Qd6 {[%emt 0:01:33]} Re1 {[%emt 0:01:47]} 58. f5 {[%emt 0:00:17]} hxg4+ {[%emt 0:00:50]} 59. hxg4 {[%emt 0:00:05]} Rf1+ {[%emt 0:00:11]} 60. Kg3 {[%emt 0:00:18]} Rg1+ {[%emt 0:00:43]} 61. Kh4 {[%emt 0:00:28]} Kh8 {[%emt 0:01:13]} 62. Qe5+ {[%emt 0:03:31]} Kh7 {[%emt 0:00:01]} 63. f6 {[%emt 0:00:45]} Rf1 {[%emt 0:01:49]} 64. Kg5 {[%emt 0:00:07]} Rf2 {[%emt 0:01:53]} 65. Qe6 {[%emt 0:00:17]} Rc7 {[%emt 0:00:04]} 66. Qe3 {[%emt 0:01:51]} Rxb2 {[%emt 0:00:46]} 67. Qh3+ {[%emt 0:00:13]} Kg8 {[%emt 0:00:03]} 68. Kg6 {[%emt 0:00:05]} Rf2 {[%emt 0:00:33]} 69. Qg3 {[%emt 0:00:07]} 1-0

[Event "EYCC Open-U14 2019"]
[Site "Bratislava"]
[Date "2019.08.08"]
[Round "7.28"]
[White "Jares, Michal"]
[Black "Laptii, Nazar"]
[Result "0-1"]
[WhiteElo "1974"]
[BlackElo "2133"]
[Annotator "NA"]
[PlyCount "82"]
[EventDate "2019.08.02"]
[EventType "swiss"]
[EventCountry "SVK"]
[SourceTitle "playchess.com"]
[Source "ChessBase"]
[SourceQuality "1"]
[TimeControl "40/5400+30:1800+30"]

1. d4 {[%emt 0:00:00]} g6 {[%emt 0:00:00]} 2. e4 {[%emt 0:00:00]} Bg7 {[%emt 0:00:00]} 3. Nc3 {[%emt 0:00:31]} d6 {[%emt 0:00:00]} 4. f4 {[%emt 0:00:40]} a6 {[%emt 0:00:00]} 5. Nf3 {[%emt 0:00:58]} b5 {[%emt 0:00:06]} 6. Bd3 {[%emt 0:02:42]} Nd7 {[%emt 0:00:17]} 7. a4 {[%emt 0:01:40]} b4 {[%emt 0:00:39]} 8. Ne2 {[%emt 0:00:02]} c5 {[%emt 0:05:47]} 9. c3 {[%emt 0:01:11]} cxd4 {[%emt 0:05:09]} 10. cxd4 {[%emt 0:00:35]} Ngf6 {[%emt 0:02:31]} 11. O-O {[%emt 0:15:24]} O-O {[%emt 0:00:26]} 12. e5 {[%emt 0:12:00]} Nd5 {[%emt 0:00:48]} 13. Ng5 {[%emt 0:07:57]} e6 {[%emt 0:07:17]} 14. Ng3 {[%emt 0:11:59]} Qb6 {[%emt 0:05:02]} 15. Kh1 {[%emt 0:06:09]} Bb7 {[%emt 0:14:04]} 16. N3e4 {[%emt 0:10:11]} dxe5 {[%emt 0:00:42]} 17. dxe5 {[%emt 0:01:02]} Nc5 {[%emt 0:01:57]} 18. Nxc5 {[%emt 0:03:50]} Qxc5 {[%emt 0:00:12]} 19. Ne4 {[%emt 0:02:10]} Qc6 {[%emt 0:01:35]} 20. Qf3 {[%emt 0:02:28]} f6 {[%emt 0:15:34]} 21. exf6 {[%emt 0:02:27]} Nxf6 {[%emt 0:00:44]} 22. Nxf6+ {[%emt 0:01:23]} Bxf6 {[%emt 0:00:16]} 23. Qxc6 {[%emt 0:00:13]} Bxc6 {[%emt 0:00:02]} 24. Bc4 {[%emt 0:02:27]} Bd5 {[%emt 0:02:30]} 25. Bxd5 {[%emt 0:01:00]} exd5 {[%emt 0:00:00]} 26. Rd1 {[%emt 0:03:49]} Rfe8 {[%emt 0:02:10]} 27. Kg1 {[%emt 0:03:21]} Rad8 {[%emt 0:03:36]} 28. Rb1 {[%emt 0:03:38]} d4 {[%emt 0:02:37]} 29. Bd2 {[%emt 0:01:32]} a5 {[%emt 0:00:11]} 30. Re1 {[%emt 0:02:29]} d3 {[%emt 0:00:47]} 31. Rxe8+ {[%emt 0:00:53]} Rxe8 {[%emt 0:00:02]} 32. Rd1 {[%emt 0:00:41]} Bxb2 {[%emt 0:00:34]} 33. Kf1 {[%emt 0:00:32]} Kf7 {[%emt 0:01:54]} 34. Be1 {[%emt 0:00:29]} Rd8 {[%emt 0:03:04]} 35. Bf2 {[%emt 0:00:32]} Bc3 {[%emt 0:00:37]} 36. Rb1 {[%emt 0:00:32]} d2 {[%emt 0:02:34]} 37. Rd1 {[%emt 0:00:24]} Re8 {[%emt 0:00:05]} 38. g3 {[%emt 0:00:34]} b3 {[%emt 0:00:06]} 39. Rb1 {[%emt 0:00:33]} b2 {[%emt 0:00:07]} 40. h3 {[%emt 0:00:00]} Re1+ {[%emt 0:00:00]} 41. Bxe1 {[%emt 0:00:32]} dxe1=Q+ {[%emt 0:00:32]} 0-1

[Event "EYCC Open-U14 2019"]
[Site "Bratislava"]
[Date "2019.08.08"]
[Round "7.29"]
[White "Wernberg, Hugo"]
[Black "Jun, Rudolf Jr."]
[Result "1/2-1/2"]
[WhiteElo "1963"]
[BlackElo "2200"]
[Annotator "NA"]
[PlyCount "117"]
[EventDate "2019.08.02"]
[EventType "swiss"]
[EventCountry "SVK"]
[SourceTitle "playchess.com"]
[Source "ChessBase"]
[SourceQuality "1"]
[TimeControl "40/5400+30:1800+30"]

1. e4 {[%emt 0:00:00]} c5 {[%emt 0:00:00]} 2. Nf3 {[%emt 0:00:00]} Nc6 {[%emt 0:00:02]} 3. d4 {[%emt 0:00:00]} cxd4 {[%emt 0:00:09]} 4. Nxd4 {[%emt 0:00:00]} Nf6 {[%emt 0:00:06]} 5. Nc3 {[%emt 0:00:00]} e5 {[%emt 0:00:08]} 6. Ndb5 {[%emt 0:00:08]} d6 {[%emt 0:00:34]} 7. Bg5 {[%emt 0:00:18]} a6 {[%emt 0:00:14]} 8. Na3 {[%emt 0:00:08]} b5 {[%emt 0:00:10]} 9. Nd5 {[%emt 0:00:11]} Be7 {[%emt 0:00:19]} 10. Bxf6 {[%emt 0:00:23]} Bxf6 {[%emt 0:00:11]} 11. c3 {[%emt 0:00:21]} O-O {[%emt 0:00:37]} 12. Nc2 {[%emt 0:00:09]} Bg5 {[%emt 0:01:52]} 13. a4 {[%emt 0:00:24]} bxa4 {[%emt 0:00:20]} 14. Rxa4 {[%emt 0:00:11]} Kh8 {[%emt 0:07:00]} 15. h4 {[%emt 0:02:42]} Bh6 {[%emt 0:01:44]} 16. b4 {[%emt 0:16:30]} f5 {[%emt 0:08:22]} 17. exf5 {[%emt 0:15:45]} Bxf5 {[%emt 0:00:33]} 18. Nce3 {[%emt 0:01:14]} Be4 {[%emt 0:03:45]} 19. Rxa6 {[%emt 0:02:51]} Rxa6 {[%emt 0:01:30]} 20. Bxa6 {[%emt 0:00:12]} Ne7 {[%emt 0:05:32]} 21. Nxe7 {[%emt 0:11:02]} Qxe7 {[%emt 0:00:13]} 22. O-O {[%emt 0:03:41]} d5 {[%emt 0:12:06]} 23. Bd3 {[%emt 0:07:06]} d4 {[%emt 0:13:44]} 24. Ng4 {[%emt 0:11:25]} Bb7 {[%emt 0:06:27]} 25. Nxh6 {[%emt 0:09:05]} gxh6 {[%emt 0:00:06]} 26. f3 {[%emt 0:08:19]} dxc3 {[%emt 0:01:09]} 27. Qe2 {[%emt 0:01:53]} Re8 {[%emt 0:02:13]} 28. Be4 {[%emt 0:04:11]} Qxb4 {[%emt 0:04:03]} 29. Bxb7 {[%emt 0:00:16]} Qxb7 {[%emt 0:00:05]} 30. Qc4 {[%emt 0:03:14]} Qb6+ {[%emt 0:02:55]} 31. Rf2 {[%emt 0:00:34]} Qd4 {[%emt 0:04:55]} 32. Qf7 {[%emt 0:00:43]} Qd8 {[%emt 0:00:38]} 33. Qc4 {[%emt 0:00:21]} Qd1+ {[%emt 0:00:39]} 34. Kh2 {[%emt 0:00:23]} Qd4 {[%emt 0:00:05]} 35. Qc6 {[%emt 0:00:25]} Qxh4+ {[%emt 0:12:40]} 36. Kg1 {[%emt 0:00:15]} Rd8 {[%emt 0:03:42]} 37. Qxc3 {[%emt 0:00:51]} Qf4 {[%emt 0:01:08]} 38. Qc2 {[%emt 0:01:23]} Qd4 {[%emt 0:01:17]} 39. Qe4 {[%emt 0:01:30]} Qc5 {[%emt 0:00:52]} 40. Qc2 {[%emt 0:00:00]} Qe3 {[%emt 0:00:00]} 41. Qe2 {[%emt 0:06:56]} Qg5 {[%emt 0:01:06]} 42. Qc2 {[%emt 0:03:45]} Qe3 {[%emt 0:01:17]} 43. Qe2 {[%emt 0:00:24]} Qd4 {[%emt 0:00:48]} 44. Qe4 {[%emt 0:02:26]} Qxe4 {[%emt 0:02:03]} 45. fxe4 {[%emt 0:00:16]} Rd4 {[%emt 0:00:13]} 46. Rf7 {[%emt 0:02:24]} Rxe4 {[%emt 0:00:07]} 47. Kf2 {[%emt 0:00:38]} Rg4 {[%emt 0:00:13]} 48. Kf3 {[%emt 0:01:05]} Rg5 {[%emt 0:00:09]} 49. Ra7 {[%emt 0:01:02]} Kg8 {[%emt 0:00:19]} 50. Re7 {[%emt 0:03:27]} h5 {[%emt 0:00:25]} 51. Ke4 {[%emt 0:03:03]} Rg4+ {[%emt 0:03:35]} 52. Kf3 {[%emt 0:00:59]} Rg5 {[%emt 0:00:04]} 53. Ke4 {[%emt 0:00:13]} Rxg2 {[%emt 0:00:05]} 54. Rxe5 {[%emt 0:00:14]} Kg7 {[%emt 0:00:14]} 55. Kf3 {[%emt 0:00:45]} Rh2 {[%emt 0:00:15]} 56. Kg3 {[%emt 0:00:23]} Rh1 {[%emt 0:00:10]} 57. Kg2 {[%emt 0:00:42]} Rc1 {[%emt 0:00:06]} 58. Rxh5 {[%emt 0:00:14]} Kg6 {[%emt 0:00:07]} 59. Ra5 {[%emt 0:00:14]} 1/2-1/2

[Event "EYCC Open-U14 2019"]
[Site "Bratislava"]
[Date "2019.08.08"]
[Round "7.30"]
[White "Kalosha, Zhiulien Oleksii"]
[Black "Krupa, Miroslav"]
[Result "0-1"]
[WhiteElo "1936"]
[BlackElo "2114"]
[Annotator "NA"]
[PlyCount "117"]
[EventDate "2019.08.02"]
[EventType "swiss"]
[EventCountry "SVK"]
[SourceTitle "playchess.com"]
[Source "ChessBase"]
[SourceQuality "1"]
[TimeControl "40/5400+30:1800+30"]

1. e4 {[%emt 0:00:00]} c5 {[%emt 0:00:00]} 2. Nf3 {[%emt 0:00:00]} d6 {[%emt 0:00:00]} 3. d4 {[%emt 0:00:00]} cxd4 {[%emt 0:00:00]} 4. Nxd4 {[%emt 0:00:00]} Nf6 {[%emt 0:00:02]} 5. Nc3 {[%emt 0:00:00]} a6 {[%emt 0:00:12]} 6. f3 {[%emt 0:00:03]} e6 {[%emt 0:00:17]} 7. Be3 {[%emt 0:00:41]} b5 {[%emt 0:00:25]} 8. Qd2 {[%emt 0:00:17]} Nbd7 {[%emt 0:00:27]} 9. g4 {[%emt 0:03:01]} Nb6 {[%emt 0:00:33]} 10. O-O-O {[%emt 0:00:31]} Bb7 {[%emt 0:00:46]} 11. g5 {[%emt 0:00:35]} Nfd7 {[%emt 0:00:07]} 12. h4 {[%emt 0:10:05]} Ne5 {[%emt 0:02:11]} 13. Nb3 {[%emt 0:09:11]} Nbc4 {[%emt 0:08:13]} 14. Bxc4 {[%emt 0:00:36]} Nxc4 {[%emt 0:00:07]} 15. Qf2 {[%emt 0:00:06]} Nxe3 {[%emt 0:02:58]} 16. Qxe3 {[%emt 0:00:07]} Qc7 {[%emt 0:11:54]} 17. Kb1 {[%emt 0:01:25]} Be7 {[%emt 0:01:38]} 18. Qd4 {[%emt 0:01:33]} O-O {[%emt 0:00:25]} 19. Qd2 {[%emt 0:03:59]} b4 {[%emt 0:01:49]} 20. Ne2 {[%emt 0:00:30]} d5 {[%emt 0:00:56]} 21. e5 {[%emt 0:04:24]} Qxe5 {[%emt 0:04:19]} 22. f4 {[%emt 0:00:07]} Qc7 {[%emt 0:01:29]} 23. Nbd4 {[%emt 0:00:23]} e5 {[%emt 0:28:24]} 24. fxe5 {[%emt 0:03:52]} Qxe5 {[%emt 0:00:27]} 25. Rdf1 {[%emt 0:01:54]} Rae8 {[%emt 0:10:00]} 26. Rf5 {[%emt 0:01:55]} Qc7 {[%emt 0:04:40]} 27. h5 {[%emt 0:01:07]} Bc8 {[%emt 0:01:53]} 28. Rff1 {[%emt 0:02:45]} Qe5 {[%emt 0:01:51]} 29. Rhg1 {[%emt 0:01:51]} Bc5 {[%emt 0:05:58]} 30. Qd3 {[%emt 0:17:11]} Qe3 {[%emt 0:01:24]} 31. Qd1 {[%emt 0:00:32]} Re4 {[%emt 0:03:17]} 32. Nb3 {[%emt 0:06:56]} Ba7 {[%emt 0:01:08]} 33. Ng3 {[%emt 0:07:22]} Rg4 {[%emt 0:01:32]} 34. Ne2 {[%emt 0:04:36]} Qxg5 {[%emt 0:01:52]} 35. Rxg4 {[%emt 0:00:51]} Bxg4 {[%emt 0:00:10]} 36. Nbc1 {[%emt 0:00:53]} Qxh5 {[%emt 0:00:39]} 37. Rh1 {[%emt 0:00:29]} Qe5 {[%emt 0:00:39]} 38. Qe1 {[%emt 0:01:48]} Re8 {[%emt 0:01:54]} 39. Qh4 {[%emt 0:00:18]} Qe4 {[%emt 0:03:12]} 40. Ng3 {[%emt 0:00:00]} Qg6 {[%emt 0:00:00]} 41. Re1 {[%emt 0:00:57]} Be6 {[%emt 0:01:02]} 42. Nge2 {[%emt 0:00:18]} Qe4 {[%emt 0:00:33]} 43. Nf4 {[%emt 0:00:15]} Qf5 {[%emt 0:01:00]} 44. Ncd3 {[%emt 0:00:38]} h6 {[%emt 0:01:42]} 45. Re5 {[%emt 0:00:27]} Qh7 {[%emt 0:09:33]} 46. Nxd5 {[%emt 0:02:25]} Bb8 {[%emt 0:02:41]} 47. Re1 {[%emt 0:02:09]} a5 {[%emt 0:00:45]} 48. Nc5 {[%emt 0:02:00]} Bd6 {[%emt 0:05:43]} 49. Nxe6 {[%emt 0:02:24]} fxe6 {[%emt 0:00:21]} 50. Qg4 {[%emt 0:05:43]} h5 {[%emt 0:01:45]} 51. Nf6+ {[%emt 0:02:48]} Kf7 {[%emt 0:02:35]} 52. Nxh5 {[%emt 0:00:28]} Qh6 {[%emt 0:05:26]} 53. Rf1+ {[%emt 0:02:04]} Ke7 {[%emt 0:00:11]} 54. Nxg7 {[%emt 0:01:20]} Rf8 {[%emt 0:00:30]} 55. Re1 {[%emt 0:00:48]} Be5 {[%emt 0:00:45]} 56. Nh5 {[%emt 0:08:00]} Rf5 {[%emt 0:00:25]} 57. Rh1 {[%emt 0:02:27]} Bh2 {[%emt 0:00:55]} 58. Qh4+ {[%emt 0:01:08]} Kf7 {[%emt 0:02:35]} 59. Qxh2 {[%emt 0:00:37]} 0-1

[Event "EYCC Open-U14 2019"]
[Site "Bratislava"]
[Date "2019.08.08"]
[Round "7.31"]
[White "Musyuk, Lior"]
[Black "Velkoski, Stojan"]
[Result "1-0"]
[WhiteElo "2236"]
[BlackElo "1389"]
[Annotator "NA"]
[PlyCount "59"]
[EventDate "2019.08.02"]
[EventType "swiss"]
[EventCountry "SVK"]
[SourceTitle "playchess.com"]
[Source "ChessBase"]
[SourceQuality "1"]
[TimeControl "40/5400+30:1800+30"]

1. e4 {[%emt 0:00:00]} e5 {[%emt 0:00:00]} 2. Nf3 {[%emt 0:00:00]} Nc6 {[%emt 0:00:00]} 3. d4 {[%emt 0:00:13]} exd4 {[%emt 0:00:00]} 4. Bc4 {[%emt 0:00:11]} Nf6 {[%emt 0:00:00]} 5. e5 {[%emt 0:00:37]} d5 {[%emt 0:00:00]} 6. Bb5 {[%emt 0:00:11]} Ne4 {[%emt 0:00:09]} 7. Nxd4 {[%emt 0:00:41]} Bd7 {[%emt 0:00:09]} 8. Bxc6 {[%emt 0:00:21]} bxc6 {[%emt 0:00:06]} 9. O-O {[%emt 0:00:40]} Bc5 {[%emt 0:00:11]} 10. Be3 {[%emt 0:02:54]} Bb6 {[%emt 0:00:09]} 11. f3 {[%emt 0:00:41]} Ng5 {[%emt 0:00:10]} 12. Qd2 {[%emt 0:02:57]} Ne6 {[%emt 0:02:55]} 13. Nb3 {[%emt 0:12:51]} Qe7 {[%emt 0:10:27]} 14. f4 {[%emt 0:00:57]} Rd8 {[%emt 0:05:11]} 15. Bxb6 {[%emt 0:11:20]} cxb6 {[%emt 0:00:31]} 16. f5 {[%emt 0:00:58]} Nc5 {[%emt 0:07:15]} 17. Nc3 {[%emt 0:09:51]} O-O {[%emt 0:09:20]} 18. Rae1 {[%emt 0:00:38]} Rfe8 {[%emt 0:02:11]} 19. Qf4 {[%emt 0:05:43]} g6 {[%emt 0:08:32]} 20. Nd4 {[%emt 0:04:44]} gxf5 {[%emt 0:08:10]} 21. e6 {[%emt 0:08:56]} Nxe6 {[%emt 0:02:55]} 22. Qg3+ {[%emt 0:00:17]} Kh8 {[%emt 0:03:57]} 23. Nxf5 {[%emt 0:00:36]} Qf8 {[%emt 0:03:06]} 24. Nd6 {[%emt 0:02:11]} Re7 {[%emt 0:01:20]} 25. Qe5+ {[%emt 0:00:58]} Qg7 {[%emt 0:02:53]} 26. Nxf7+ {[%emt 0:01:02]} Rxf7 {[%emt 0:00:11]} 27. Rxf7 {[%emt 0:00:12]} Qxe5 {[%emt 0:00:51]} 28. Rxe5 {[%emt 0:00:02]} Be8 {[%emt 0:01:42]} 29. Rf6 {[%emt 0:02:28]} Nd4 {[%emt 0:00:27]} 30. Rf8+ {[%emt 0:00:10]} 1-0